00378cam a2200157ua 450000100060000000800390000602000180004504000090006304100080007208200110008010000280009124500380011926000370015730000100019465300160020411136190829n ii |||gr||||Z||||||eng a9789386053770 cMAIN aeng a307.76 aSatish Sharma,eAuthor. aUrban sociologycBy Satish Sharma aNew Delhi:bWisdom press,c2017. a183p. aCommunities